| 000 | 00000nam##2200000za#4500 |
| 001 | 9.612608 |
| 003 | CaOODSP |
| 005 | 20210929082756 |
| 007 | ta |
| 008 | 150406|1995||||xxc||||| f|0| 0 eng|d |
| 020 | |a0-662-23897-4 |
| 040 | |aCaOODSP|beng |
| 043 | |an-cn--- |
| 086 | 1 |aFo29-6/55-1995E |
| 110 | 1 |aCanada. |bNatural Resources Canada. |bCanadian Forest Service. |
| 245 | 10|aTrue heart-rots of the Pacific region / |cby R. S. Hunt and D. E. Etheridge. |
| 260 | |aVictoria - British Columbia : |bNatural Resources Canada. |c1995. |
| 300 | |a8p. : |bfigs., references ; |c28 cm. |
| 490 | 1 |aForest pest leaflet|v55 |
| 563 | |aSoftcover |
| 590 | |a96-03|b1996-01-19 |
| 690 | 07|aPlant diseases|2gcpds |
| 720 | 1 |aHunt, R. S. |
| 720 | 1 |aEtheridge, D. E. |
| 776 | 0#|tTrue heart-rots of the Pacific region / |w(CaOODSP)9.573491 |
| 830 | #0|aForest pest leaflet ;|v55|w(CaOODSP)9.514653 |